| Tag |
First Indicator |
Second Indicator |
Subfields |
| LEADER |
00000cam a2200000 i 4500 |
| 001 |
in00001402991 |
| 005 |
20151020053113.0 |
| 008 |
920324m19201925fr a b 001 0 fre d |
| 035 |
|
|
|a (OCoLC)25516959
|
| 035 |
|
|
|9 AHM7037AM
|
| 040 |
|
|
|a ZT7
|b fre
|c ZT7
|d TXA
|d UtOrBLW
|
| 043 |
|
|
|a ew-----
|
| 049 |
|
|
|a TXAM
|
| 090 |
|
|
|a QL595.C9
|b H87 1920
|
| 100 |
1 |
|
|a Hustache, A.
|q (Alphonse)
|
| 245 |
1 |
0 |
|a Tableaux analytiques des Coléoptères de la faune franco-rhénane :
|b France, Hollande, Belgique, Région rhénane, Valais : famille LXXIX : Curculionidae : tribu : Ceuthorrhynchini /
|c par A. Hustache.
|
| 246 |
1 |
0 |
|a Coléoptères de la faune franco-rhénane
|
| 246 |
1 |
|
|i Title of half t.p.:
|a Curculionidae, Ceuthorrhynchini / par A. Hustache
|
| 264 |
|
1 |
|a Toulouse :
|b Impr. J. Bonnet,
|c 1920-1925.
|
| 300 |
|
|
|a 314 pages :
|b illustrations ;
|c 24 cm.
|
| 336 |
|
|
|a text
|b txt
|2 rdacontent
|
| 337 |
|
|
|a unmediated
|b n
|2 rdamedia
|
| 338 |
|
|
|a volume
|b nc
|2 rdacarrier
|
| 500 |
|
|
|a Cover title.
|
| 500 |
|
|
|a Extrait de la revue: Miscellanea Entomologica, volume XXVI-XXVIII.
|
| 504 |
|
|
|a Includes bibliographical references and index.
|
| 650 |
|
0 |
|a Ceuthorhynchus
|z Europe, Western.
|
| 650 |
|
0 |
|a Curculionidae
|z Europe, Western.
|
| 650 |
|
0 |
|a Beetles
|z Europe, Western.
|
| 730 |
0 |
|
|a Miscellanea entomologica.
|n V. 26-28.
|
| 999 |
|
|
|a MARS
|
| 999 |
f |
f |
|s dfe1d18c-3687-3cf8-bb35-957ef66b1ab6
|i 35970e69-4f5d-362c-8785-f9d3b2dffd53
|t 0
|
| 952 |
f |
f |
|p ric
|a Texas A&M University
|b Rellis Campus
|c Joint Library Facility
|d Remote Storage
|t 0
|e QL595.C9 H87 1920
|h Library of Congress classification
|i unmediated -- volume
|m A14821619900
|
| 998 |
f |
f |
|a QL595.C9 H87 1920
|t 0
|l Remote Storage
|